US Capitals by Population Quiz Stats

 Plays Quiz Updated May 16, 2019

Score 0/50 Timer 10:00
0 Plays Today
Capital % Correct
Phoenix
92.5%
Austin
77.1%
Boston
73.1%
Indianapolis
70.8%
Columbus
64.6%
Denver
63.5%
Atlanta
61.4%
Sacramento
60.9%
Nashville
57.8%
Oklahoma City
55.2%
Montpelier
49%
Raleigh
48.4%
Honolulu
47.6%
St. Paul
46.1%
Madison
40%
Pierre
39.1%
Lincoln
37.9%
Baton Rouge
36.7%
Juneau
35.6%
Richmond
34.6%
Boise
34.6%
Salt Lake City
34.5%
Augusta
33.3%
Albany
33%
Des Moines
32.9%
Capital % Correct
Montgomery
32.6%
Tallahassee
32%
Providence
31.9%
Helena
31.5%
Little Rock
31.2%
Jackson
30.2%
Salem
30%
Dover
29.8%
Hartford
29.3%
Concord
28.8%
Lansing
27.9%
Cheyenne
27.8%
Frankfort
27.7%
Santa Fe
27.4%
Columbia
27.3%
Topeka
27.3%
Bismarck
27%
Springfield
26.8%
Annapolis
26.5%
Trenton
26.3%
Carson City
26.1%
Olympia
25.7%
Harrisburg
25.6%
Jefferson City
25.1%
Charleston
22.8%

You're not logged in!

Compare scores with friends on all Sporcle quizzes.
OR
Log In

Sporcle TV

Today on Sporcle TV


Watch our educational content, quiz creation guides, and fun videos on Sporcle TV.

Show Comments

Extras

Top Quizzes Today


Score Distribution

Your Account Isn't Verified!

In order to create a playlist on Sporcle, you need to verify the email address you used during registration. Go to your Sporcle Settings to finish the process.

Report this User

Report this user for behavior that violates our Community Guidelines.

Details: